000 00668cab a2200241 4500
001 WB2549-48
008 090401t1989 xxu||||| |||| 00| 0 eng d
035 _a(Sirsi) u23874
041 _aeng
245 _aBank aid
260 _c1989
350 _a0
490 _aEconomist
_vvol 313 no 7632, 9/12/89 p103-104(2)
520 _aA slump in the USA commercial property market is giving cause for concern amongst banks who have heavy commitments on lending.
650 _aBANK LENDING
650 _aINSTITUTIONS
650 _aINVESTMENT
650 _aLEVERAGED BUY OUTS
650 _aRECESSION
690 _aOVERSEAS
942 _n0
948 _c04/03/1997
999 _c15984
_d15984